LEADER 01306nam a2200289 i 4500 001 000000040587 003 CaOOAMICUS 005 20091028000000.0 008 091028s1950 it u000 u ita u 013 $a11757 040 $aSeMil$bita 100 1 $aMarmion, Columba .$0(OLS)http://semarc/name/90397 245 10$aConsacrazione alla SS. Trinità /$cD. Columba Marmion , O.S.B. Abate di Maredsous ; Testo e Commento a Cura di Dom Raimondo Thibaut ; Traduzione di G. Barra. 250 $a2. ed. 260 $aMilano :$bVita e Pensiero,$cstampa 1950. 300 $aXXXII, 317 p. ;$c19 cm. 490 0 $aBiblioteca ascetica [Vita e pensiero] ;$v22. 650 4$aTrinità.$0(OLS)http://semarc/subject/940 650 4$aMeditazioni.$0(OLS)http://semarc/subject/1352 700 1 $aBarra, Giovanni,$d<1914-1975>.$0(OLS)http://semarc/name/2757 700 1 $aThibaut, Raymond .$0(OLS)http://semarc/name/90462 830 0$aBiblioteca ascetica ;$v22.$0(OLS)http://semarc/title/9193 850 $aSeMil 852 $aSeMil$W1$xVenegono$y1$m3D III 172$j6742$B6742$CSeMilBibl$Z2$F6742 $81 961 $aOmaggio: Deposito 996 $6245$aConsacrazione alla SS. Trinità$9(OLS)http://semarc/title/58378 996 $6260$aMilano :$bVita e Pensiero$9(OLS)http://semarc/publisher/29642 LEADER 01425nam a2200277 i 4500 001 000000068400 003 CaOOAMICUS 005 20100722000000.0 008 100722s1910 it u000 u ita u 013 $a39572 040 $aSeMil$bita 100 1 $aMercier, Désiré-Joseph,$c.$0(OLS)http://semarc/name/512 245 10$aCriteriologia generale, o, teoria generale della certezza /$cD. Mercier ; prima versione italiana sull sesta edizione francese di A. Messina e P. Maccarione. 260 $aRoma [etc.] :$bF. Pustet,$cpref. 1910. 300 $aVIII, 436 p. ;$c23 cm. 490 0 $aCorso di filosofia dell'Istituto superiore di Lovanio ;$vVolume4. 650 4$aEpistemologia filosofica.$0(OLS)http://semarc/subject/1833 650 4$aTeoria della conoscenza.$0(OLS)http://semarc/subject/2215 650 4$aConoscenza - Filosofia.$0(OLS)http://semarc/subject/1877 700 1 $aMaccarione, Pietro.$0(OLS)http://semarc/name/34122 700 1 $aMessina, Aldo.$0(OLS)http://semarc/name/26389 830 0$aCorso di filosofia dell'Istituto superiore di Lovanio ;$vVolume4.$0(OLS)http://semarc/title/31555 850 $aSeMil 852 $aSeMil$W1$xVenegono$y1$m2O III 24$j34553$B34553$CSeMilBibl$Z2$F34556 $81 996 $6245$aCriteriologia generale, o, teoria generale della certezza$9(OLS)http://semarc/title/109188 996 $6260$aRoma [etc.] :$bF. Pustet$9(OLS)http://semarc/publisher/35947